000
00297nam a2200121 a 4500
005
20140414093834.0
008
030610s19uu xx 00 eng d
050
_a
CDR 530
_b
MUL 1996
245
_a
Multimedia Physics I & II.
650
_a
Physics
_x
Interactive.
942
_c
AVM
999
_c
108931
_d
108931